000 00650nam a2200217Ia 4500
003 GCL
008 140319s9999 xx 000 0 ara d
040 _aGCL /
_cGCL
082 0 4 _a364.12
_bم ت
100 1 _aمأمون كامل
245 1 0 _aتزوير الخطوط: طرق ارتكابة ووسائل كشفة, ط2 /
_cمأمون كامل
700 1 _aعبدالحليم يوسف
260 _a[S.N] :
_bالراعى للطباعة والنشر ،
_c1994
300 _a260 ص
490 _a
650 0 4 _aالقانون
650 0 4 _aجرائم التزوير
650 0 4 _aالخطوط
650 0 4 _aالتزوير
942 _2ddc
_cBK
999 _c45141
_d45141